50 personagens de Indiana Jones - Statistics

Estatísticas Gerais
  • Esse quiz foi jogado 27 vezes
  • A pontuação média é 7 de 40
Estatísticas das Respostas
Resposta % Correto
Indiana Jones
100%
Henry Jones
69%
Sallah
54%
Marcus Brody
38%
René Belloq
38%
Satipo
38%
Marion Ravenwood
31%
Helena Shaw
23%
Abner Ravenwood
15%
Barranca
15%
Basil Shaw
15%
Herman Dietrich
15%
Irina Spalko
15%
Jock
15%
Mola Ram
15%
Prefeito Eaton
15%
Renaldo
15%
Short Round
15%
Walter Donovan
15%
Willie Scott
15%
Arnold Toht
8%
Capitão Philip Blumburtt
8%
Coronel Musgrove
8%
Elsa Schneider
8%
Gobler
8%
Harold Oxley
8%
Jurgen Voller
8%
Kazim
8%
Lao Che
8%
Mac
8%
Mutt Williams
8%
Teddy Kumar
8%
Chattar Lal
0%
Coronel Antonin Dovchenko
0%
Ernst Vogel
0%
Fedora
0%
Herman Muller
0%
Kalim Singh
0%
Reitor Charles Stanforth
0%
Superintendente Thug
0%
Nenhum quiz correspondente encontrado
Distribuição das Pontuações
Porcentagem de Pessoas com Cada Pontuação
Percentil de Números Respondidos
Sua Pontuação Histórica
Você não jogou esse quiz